Acteurs et actrices des années 1930 par images - Statistiques

Statistiques générales
  • Ce quiz a été pris 117 fois
  • Le résultat moyen est 8 sur 16
Statistiques - réponses
Par images Réponse % Correct
Charlie Chaplin
100%
Jean Gabin
77%
Oliver Hardy
77%
Fred Astaire
74%
Stan Laurel
72%
Clark Gable
70%
Marlene Dietrich
68%
Greta Garbo
59%
Bette Davis
42%
Spencer Tracy
39%
Claudette Colbert
36%
Joan Crawford
30%
Ginger Rogers
25%
Mae West
25%
Norma Shearer
10%
Lionel Barrymore
9%
Aucun quiz correspondant
Distribution des résultats
% des personnes avec chaque résultat
Percentile par nombre de réponses
Votre historique - résultats
Vous n’avez pas pris ce quiz